| 000 | 00884nam a22001577a 4500 | ||
|---|---|---|---|
| 003 | OSt | ||
| 005 | 20190123161419.0 | ||
| 008 | 190123b xxu||||| |||| 00| 0 eng d | ||
| 040 | _cRUA | ||
| 082 | _aAGR SOM 2014 B625 Or.1 | ||
| 100 |
_913433 _aSOM SORPHEA សំ សោភា |
||
| 245 | _acomparison of difference nitrogen quanlity mix phosphorus (60) potassium (15) on phka rumduol variety at osaray commune, tramkork district, takeo province ការប្រៀបធៀបបរិមាណអាសូតខុសៗគ្នាជាមួយផូស័រ៦០ ប៉ូតាស្យូម ១៥ នៅលើពូជស្រូវផ្ការំដួលនៅឃុំអូរសារាយ ស្រុកត្រាំកក់ ខេត្តតាកែវ | ||
| 260 |
_aPhnom Penh _bRUA _c2014 |
||
| 300 |
_ax;49p _bill; _c29cm; |
||
| 942 |
_2ddc _cAGR |
||
| 999 |
_c17772 _d17772 |
||